000 00627nam a22002057a 4500
999 _c12392
_d12392
003 AR-CdUCM
008 190408b ||||| |||| 00| 0 spa d
040 _aMUNICIPALIDAD PROVINCIAL DEL CUSCO
_cBIBLIOTECA MUNICIPAL DEL CUSCO
082 _aC / 869.56 /
_bSA17
100 _aSalas G., Armando
_928674
245 _aSilencio y corazón :
_bPoemas /
260 _aCusco :
_bEl Comercio,
_c1952.
300 _a44 páginas ;
_bilustraciones,
_c20 cm.
505 _aContenido: Poemas.
650 _aLiteratura Peruana
_9132
650 _aSiglo XX
_98
650 _aPoemas
_9929
942 _2ddc
_cLIBROS
945 _aachl
_d2019-04-08